| 000 | 00920nam0a2200277 4500 | ||
|---|---|---|---|
| 001 | RU\NLR\bibl\1715051 | ||
| 005 | 20250616070309.0 | ||
| 010 |
_a978-5-271-24620-3 _bАстрель _92000 |
||
| 021 |
_aRU _b2010-91580 _96159 |
||
| 035 | _a(NLR Aleph) 001706065 | ||
| 090 |
_a1250630 _c1250630 |
||
| 100 | _a20101216d2010 |||y0rusy50 ca | ||
| 101 | 1 |
_arus _cswe |
|
| 102 | _aRU | ||
| 105 | _ay ||||||||| | ||
| 200 | 1 |
_aАпрельская ведьма _eроман _fМайгулль Аксельссон _gпер. со швед. Екатерины Чевкиной |
|
| 210 |
_aМосква _cАстрель _cCORPUS _d2010 |
||
| 215 |
_a670, [1] с. _d19 |
||
| 309 | _aНа тит. л.: 003 | ||
| 686 | _aШ6(4Шв)67-4{Лх1489-50} | ||
| 700 | 1 |
_aАксельссон _bМ. _gМайгулль _4070 |
|
| 801 | 0 |
_aRU _bNLR _c20101216 _gRCR |
|
| 801 | 1 |
_aRU _bNLR _c20101216 |
|
| 942 | _cBOOK | ||
| 980 | _aNB | ||